IFM Opac

Digital Business and E-Commerce Management (Record no. 22072)

MARC details
000 -LEADER
fixed length control field 00468nam a22001697a 4500
020 ## - INTERNATIONAL STANDARD BOOK NUMBER
ISBN 978-1-292-19333-5
082 ## - DEWEY DECIMAL CLASSIFICATION NUMBER
Classification number 658.872
100 ## - MAIN ENTRY--AUTHOR NAME
Personal name Chaffey, Dave
245 ## - TITLE STATEMENT
Title Digital Business and E-Commerce Management
250 ## - EDITION STATEMENT
Edition statement 7th
260 ## - PUBLICATION, DISTRIBUTION, ETC. (IMPRINT)
Place of publication Harlow:
Name of publisher Pearson Education,
Year of publication 2019
300 ## - PHYSICAL DESCRIPTION
Number of Pages xxxvii, 640p.:
Other physical details ill.; 26cm.
500 ## - GENERAL NOTE
General note Includes Bibliographical References and Index
700 ## - ADDED ENTRY--PERSONAL NAME
Personal name Hemphill, Tanya
700 ## - ADDED ENTRY--PERSONAL NAME
Personal name Edmundson-Bird, David
942 ## - ADDED ENTRY ELEMENTS (KOHA)
Koha item type Books
Holdings
Withdrawn status Lost status Damaged status Not for loan Collection code Permanent Location Current Location Shelving location Date acquired Source of acquisition Full call number Accession Number Price effective from Koha item type
        Non-fiction IFM Main Campus Library IFM Main Campus Library Special Reserve Collection 01/21/2025 Purchase 658.872 CHA 0000030610 01/21/2025 Books